| 000 | 00722cam a22002531 4500 | ||
|---|---|---|---|
| 001 | 43514 | ||
| 003 | BD-RjUL | ||
| 005 | 20211209053717.0 | ||
| 008 | 160622s1964 enka b 000 0 eng | ||
| 035 | _a(BD-RjUL)43632 | ||
| 035 | _a(OCoLC)248572 | ||
| 040 |
_aDLC _cODaWU _dOCoLC _dUk _dDLC _dBD-RjUL _beng |
||
| 041 | _aeng | ||
| 082 | 0 |
_a332.1 _bSAM 1964 |
|
| 100 | 1 |
_aSayers, R. S. _q(Richard Sidney), _d1908-1989. _97833 |
|
| 245 | 1 | 0 |
_aModern banking / _cby R.S. Sayers. |
| 250 | _a6th ed. | ||
| 260 |
_aOxford : _bClarendon P., _c1964 |
||
| 300 |
_axi, 330 p. : _bill. ; _c23 cm. |
||
| 504 | _aBibliographical footnotes. | ||
| 650 | 0 |
_aBanks and banking. _910225 |
|
| 942 |
_2ddc _cBK |
||
| 999 |
_c43514 _d43514 |
||